000 00284nam a2200109Ia 4500
001 1263923
005 20260417141928.0
008 260417s9999 xx 000 0 und d
020 _a9786257854474
245 0 _aAmerika Sen Busun
_cİsmail Kılıçarslan
260 _bKetebe Yayınları
999 _c1263923
_d1263923